000 00537nam a2200193Ia 4500
005 20250326142847.0
008 250326s9999 xx 000 0 und d
037 _aTextbook
040 _aFMSL
_beng
_cFMSL
041 _aeng
_2eng
084 _aX:8y7.1 P0
_qFMSL
100 _aBeamish P W
_9745057
245 0 _aInternational management : text and cases
_cBeamish P W And Others
250 _aEd 4
260 _aUSA
_bUSA, McGraw Hill
_c2000
300 _a626p
942 _cTB
_hX:8y7.1 P0
999 _c1296988
_d1296988